| 000 | 00873nam a22001937a 4500 | ||
|---|---|---|---|
| 005 | 20250826165733.0 | ||
| 010 | _aHIN-130292 | ||
| 020 |
_a9789390607334 _c395.00 |
||
| 035 | _aHN-102638 | ||
| 037 | _bDBAD | ||
| 082 |
_a158.4 _2प्रथम |
||
| 100 |
_aकोच,रिचर्ड _984365 |
||
| 245 |
_aद 80/20 प्रिंसिपल 80/20 सिद्धांत / _cरिचर्ड कोच |
||
| 260 |
_aपुणे _bवॉव पब्लिशिंग्ज प्रा. लि. _c2021 |
||
| 270 |
_a4695, 21-ए, दरियागंज , _bनई दिल्ली _e110002 |
||
| 300 |
_a358पृ. _c22 सेमी(अजिल्द) |
||
| 500 | _aबिजनेस की प्रसिद्ध पुस्तक का 20वा वर्षगाठ संस्करण | ||
| 942 |
_2ddc _cHN _h158.4 _mकोच |
||
| 999 |
_c212985 _d212985 |
||